000 00252nam a2200097Ia 4500
001 1250985
005 20251031150907.0
008 251031s9999 xx 000 0 und d
245 0 _cMAZLUM AKIN
_aİ-5 OTOMOBİL UÇAR GİDER
260 _bTİMAŞ YAYINLARI
999 _c1250985
_d1250985